Current Science (Record no. 22675)

MARC details
000 -LEADER
fixed length control field 00386nas a22001457a 4500
003 - CONTROL NUMBER IDENTIFIER
control field VITAP
005 - DATE AND TIME OF LATEST TRANSACTION
control field 20190217105339.0
008 - FIXED-LENGTH DATA ELEMENTS--GENERAL INFORMATION
fixed length control field 181102b ||||| |||| 00| 0 eng d
022 ## - INTERNATIONAL STANDARD SERIAL NUMBER
International Standard Serial Number 0011-3891
040 ## - CATALOGING SOURCE
Transcribing agency VITAP
245 ## - TITLE STATEMENT
Title Current Science
260 ## - PUBLICATION, DISTRIBUTION, ETC.
Place of publication, distribution, etc. Bengaluru
Name of publisher, distributor, etc. Current Science Association
Date of publication, distribution, etc. 2018
856 ## - ELECTRONIC LOCATION AND ACCESS
Uniform Resource Identifier <a href="http://www.currentscience.ac.in/index.php">http://www.currentscience.ac.in/index.php</a>
942 ## - ADDED ENTRY ELEMENTS (KOHA)
Source of classification or shelving scheme Dewey Decimal Classification
Koha item type Printed Journal
Serial record 1

No items available.

Visitor Number: